Handbook of debt securities and inrerest rate derivatives (Record no. 203753)

MARC details
000 -LEADER
fixed length control field 00499nam a2200181Ia 4500
008 - FIXED-LENGTH DATA ELEMENTS--GENERAL INFORMATION
fixed length control field 231221s9999 xx 000 0 und d
020 ## - INTERNATIONAL STANDARD BOOK NUMBER
International Standard Book Number 9780000000000
041 ## - LANGUAGE CODE
Language code of text/sound track or separate title English
082 ## - DEWEY DECIMAL CLASSIFICATION NUMBER
Classification number 658.315 RAJ;
100 ## - MAIN ENTRY--PERSONAL NAME
Personal name Rajwade, A V
245 #0 - TITLE STATEMENT
Title Handbook of debt securities and inrerest rate derivatives
260 ## - PUBLICATION, DISTRIBUTION, ETC.
Date of publication, distribution, etc. 2007
Name of publisher, distributor, etc. Tata McGraw-Hill
Place of publication, distribution, etc. New Delhi
300 ## - PHYSICAL DESCRIPTION
Extent xv+348
300 ## - PHYSICAL DESCRIPTION
Dimensions 47306
500 ## - GENERAL NOTE
General note MISSING, 2013
650 ## - SUBJECT ADDED ENTRY--TOPICAL TERM
Topical term or geographic name entry element debt,securities,inrerest,rate,derivatives
942 ## - ADDED ENTRY ELEMENTS (KOHA)
Koha item type Compact Disks
Holdings
Date last seen Total checkouts Full call number Accession number Price effective from Category Lost status Damaged status Department Withdrawn status Home library Current library Shelving location Entry date Vendor Grants Billnumber Billdate Currency symbol Conversion rate Discount Old discount Uniform resource identifier
26/01/2024   658.315 RAJ; CD3244 26/01/2024 Compact Disks     MBA   Central Library Central Library MBA   Intact Book House Pvt Ltd MBA 1228 09/12/2009 RS 1   20  
26/01/2024   658.315 RAJ; CD4159 26/01/2024 Compact Disks     MBA   Central Library Central Library MBA   Sri Lakshmi MBA 280 11/01/2013 RS 1     digital/contents/47306.pdf
26/01/2024   658.315 RAJ; CD4166 26/01/2024 Compact Disks     Central Library   Central Library Central Library Central Library   Intact Book House Pvt Ltd MBA 1228 24/01/2013 RS 1     digital/contents/47306.pdf

© For any Suggestions or Query, please contact the library staff @ librarian@pes.edu or Phone: +9180 2672 1983/ 2108.